000 00509nam a2200217Ia 4500
003 OSt
005 20220918173723.0
006 a|||||r|||| 00| 0
007 ta
008 220917b |||||||| |||| 00| 0 eng d
024 _a8,006
037 _cTextual
040 _aARTS
_cARTS
_beng
041 _2eng
_aeng
082 _a71:N, K1
100 _aBreit Harvey
_947131
245 0 _aWriter observed
260 _c1962
942 _h71:N, K1
_cTEXL
_2CC
999 _c149798
_d149798